Fausto /

El fastuoso derroche del imperio de Napoleón III halló en la música de Charles Gounod el vehículo ideal para llevar al teatro la embriaguez sofisticada y elegante de un mundo oropel y falso lujo, que vivía a espaldas a una insostenible situación política que acabaría en el desastre militar de la gue...

Full description

Bibliographic Details
Main Author: Gounod, Charles 1801-1835
Other Authors: Barbier, Jules 1825-1901, Carroll, Lewis 1838-1898
Format: Musica
Language:Spanish
Published: Madrid, España PRISA INNOVA S.L 2007
Series:Los clásicos de la ópera 2
Subjects:

MARC

LEADER 00000cjm a2200000 a 4500
001 027526
003 UAHC_CL
005 20170803122821.0
008 121008s2007 cl 000 1 spa
040 |a UAHC_CL  |c UAHC_CL  |d UAHC_CL 
100 1 |a Gounod, Charles  |d 1801-1835 
245 1 0 |a Fausto /  |c Libreto de Jules Barbier y Michael Carré ; Gounod. 
260 |b PRISA INNOVA S.L  |a Madrid, España  |c 2007 
300 |a 3 cd room. 
490 0 |a Los clásicos de la ópera  |v 2 
505 0 |a Incluye historia de ópera. 
511 0 |a Intérpretes: Hernán Jara ; Luis Orlandini ; Jorge Hevia ; Ensemble Bartok ; Frida Conn ; Orquesta Sinfónica de la Radio Nacional de España. 
520 |a El fastuoso derroche del imperio de Napoleón III halló en la música de Charles Gounod el vehículo ideal para llevar al teatro la embriaguez sofisticada y elegante de un mundo oropel y falso lujo, que vivía a espaldas a una insostenible situación política que acabaría en el desastre militar de la guerra franco-prusiana. Aunque no dejó de ser fiel a los complacientes principios de ficción en los que apoyaba esta sociedad, el autor de "Faust" supo introducir de un modo muy sutil los rasgos de una nueva sensibilidad en la ópera de su tiempo. 
546 |a Texto del libreto en italiano, traducción paralela en español. 
650 4 |a OPERAS  |x LIBRETOS 
653 |a LICENCIATURA EN MUSICA 
700 1 |a Barbier, Jules  |d 1825-1901 
700 1 |a Carroll, Lewis  |d 1838-1898 
900 |a CD-311 
942 |c MU 
952 |0 0  |1 0  |4 0  |6 CD_311  |7 0  |8 Referencia  |9 54944  |a BS  |b BS  |c Referencia  |d 2017-08-03  |l 1  |o CD-311  |p 11093  |r 2025-04-10 00:00:00  |s 2018-04-13  |t 1  |w 2017-08-03  |y MU 
999 |c 27526  |d 27526